<?xml version="1.0" encoding="UTF-8"?>
<record
    xmlns:xsi="http://www.w3.org/2001/XMLSchema-instance"
    xsi:schemaLocation="http://www.loc.gov/MARC21/slim http://www.loc.gov/standards/marcxml/schema/MARC21slim.xsd"
    xmlns="http://www.loc.gov/MARC21/slim">

  <leader>01189nab a2200205 i 4500</leader>
  <controlfield tag="001">BPP</controlfield>
  <controlfield tag="003">BPK</controlfield>
  <controlfield tag="005">20160411133208.0</controlfield>
  <controlfield tag="008">140605s1989    pl     f     |000 0 pol</controlfield>
  <datafield tag="040" ind1=" " ind2=" ">
    <subfield code="c">BPK</subfield>
  </datafield>
  <datafield tag="080" ind1=" " ind2=" ">
    <subfield code="a">621.9</subfield>
  </datafield>
  <datafield tag="100" ind1=" " ind2=" ">
    <subfield code="a">PLUTA, Zdzis&#x142;aw.</subfield>
    <subfield code="d">1973 - 1996.</subfield>
    <subfield code="b">Wy&#x17C;sza Szko&#x142;a In&#x17C;ynierska w Koszalinie - Wydzia&#x142; Mechaniczny,</subfield>
    <subfield code="c">Zak&#x142;ad Obrabiarek i Obr&#xF3;bki Skrawaniem</subfield>
  </datafield>
  <datafield tag="245" ind1=" " ind2=" ">
    <subfield code="a">Narz&#x119;dzie do skrawania ortogonalnego /</subfield>
    <subfield code="c">Zdzis&#x142;aw Pluta.</subfield>
  </datafield>
  <datafield tag="260" ind1=" " ind2=" ">
    <subfield code="c">1989.</subfield>
  </datafield>
  <datafield tag="500" ind1=" " ind2=" ">
    <subfield code="a">Dane z autopsji.</subfield>
  </datafield>
  <datafield tag="520" ind1=" " ind2=" ">
    <subfield code="a">Skrawanie ortogonalne jest znan&#x105; metod&#x105; bada&#x144; podstawowych, maj&#x105;cych na celu opis zjawisk fizycznych zachodz&#x105;cych podczas obr&#xF3;bki skrawaniem. Do g&#x142;&#xF3;wnych cel&#xF3;w bada&#x144; podstawowych realizowanych metod&#x105; skrawania ortogonalnego, mo&#x17C;na zaliczy&#x107; mi&#x119;dzy innymi: badanie mechanizmu formowania wi&#xF3;ra, analiz&#x119; niejednorodno&#x15B;ci odkszta&#x142;cenia plastycznego podczas formowania wi&#xF3;ra, badanie odkszta&#x142;ce&#x144; plastycznych wzd&#x142;u&#x17C; linii p&#x142;yni&#x119;cia materia&#x142;u w strefie formowania wi&#xF3;ra, ocen&#x119; skrawalno&#x15B;ci materia&#x142;&#xF3;w obrabianych.</subfield>
  </datafield>
  <datafield tag="650" ind1=" " ind2="0">
    <subfield code="a">Skrawanie - narz&#x119;dzia i maszyny.</subfield>
  </datafield>
  <datafield tag="773" ind1=" " ind2=" ">
    <subfield code="i">W :</subfield>
    <subfield code="t">Mechanik. -</subfield>
    <subfield code="g">1989, nr 7, s. 301-302</subfield>
  </datafield>
  <datafield tag="942" ind1=" " ind2=" ">
    <subfield code="c">ART</subfield>
    <subfield code="2">UKD</subfield>
  </datafield>
  <datafield tag="999" ind1=" " ind2=" ">
    <subfield code="c">3329</subfield>
    <subfield code="d">3329</subfield>
  </datafield>
  <datafield tag="952" ind1=" " ind2=" ">
    <subfield code="0">0</subfield>
    <subfield code="1">0</subfield>
    <subfield code="4">0</subfield>
    <subfield code="7">0</subfield>
    <subfield code="a">BPK</subfield>
    <subfield code="b">BPK</subfield>
    <subfield code="o">0256</subfield>
    <subfield code="y">ART</subfield>
  </datafield>
</record>
